Oil, politics and violence: Nigeria’s military coup culture (1966-1976) (Record no. 33165)

MARC details
000 -LEADER
fixed length control field 00608nam a2200181Ia 4500
020 ## - INTERNATIONAL STANDARD BOOK NUMBER
ISBN 9780875867083
050 ## - CALL MARK
Classification number DT 515.8 .S56/
100 ## - STATEMENT OF RESPONSIBILITY--MAIN AUTHOR NAME
Personal name Siollun, Max
245 #0 - TITLE STATEMENT
Title Oil, politics and violence: Nigeria’s military coup culture (1966-1976)
260 ## - PUBLICATION, DISTRIBUTION, ETC. (IMPRINT)
Place of publication New York
260 ## - PUBLICATION, DISTRIBUTION, ETC. (IMPRINT)
Name of publisher Algora Publishing
260 ## - PUBLICATION, DISTRIBUTION, ETC. (IMPRINT)
Year of publication 2009
300 ## - PHYSICAL DESCRIPTION
Number of Pages 268 p
650 ## - SUBJECT ADDED ENTRY--TOPICAL TERM
Topical Term Coups d'état--Nigeria--History--20th century. Military government--Nigeria--History--20th century. Nigeria--Politics and government--1960-
942 ## - ADDED ENTRY ELEMENTS (KOHA)
Koha item type Books
Holdings
Withdrawn status Lost status Source of classification or shelving scheme Damaged status Not for loan Permanent Location Current Location Date acquired Accession Number Price effective from Koha item type
    Library of Congress Classification     NILE UNIVERSITY OF NIGERIA - MAIN LIBRARY NILE UNIVERSITY OF NIGERIA - MAIN LIBRARY 04/23/2025 0186679 04/23/2025 Books